000 00702nam a2200205 a 4500
001 000039484
005 20240521101828.0
008 090707s2001 dr 001 0 spa d
040 _aDO-SdBNP
_bspa
_cBNPHU
082 _a344.729301
_bA345g, 2001
100 1 _aAlburquerque, Rafael
_97243
245 1 0 _aGuía de los derechos de los trabajadores /
_cRafael Alburquerque.
250 _a7a.ed., rev. y corr.
260 _aSanto Domingo :
_bSecretaría de Estado de Trabajo,
_c2001.
300 _a1017 p. ;
_c18 cm.
500 _aIncluye índice
650 4 _aReglamentos de trabajo
_zRepública Dominicana
_910030
650 0 _aDerecho laboral
_x
_976950
650 4 _aDerechos de los trabajadores
_910032
999 _c38974
_d38974